000 01034nam a2200301 c 4500
003 BLK
005 20220719135355.0
008 180412b bul|||||r ||||||| ||bul||
010 _aKNG00011623000
020 _a954-587-017-6
_bиздат.: КХ
040 _aBLK
041 _aBUL
_cBUL
080 _aПедагогическа социология
_b37.015.4
_x
_z37.015.4
100 1 _aМиленкова, Валентина
_eпърви автор
_9255211
139 _aМиленкова, Валентина
_bМ 57
245 1 0 _aНевидимият свят на образованието
_cВалентина Миленкова.
257 _aBGR
260 София
_bКХ
_c1995
300 _a127 с.
_c20 см
380 _a3
500 _a800 тир.
650 4 _aОбразование и просвета - социологични проблеми
_9255212
852 _aЦб 188175
856 4 _qpdf
_u
856 4 _qpdf
_u
942 _cKNG
_n0
_02
944 _aCR
_c15.01.2003
_kAB_DOS
944 _aED
_c22.12.2016
_kИвелин_Попов
999 _c10155
_d10155